[Event "The Sicilian Wing Gambit"]
[Site "SchemingMind.com"]
[Date "2008.08.13"]
[Round "-"]
[White "joopsim"]
[Black "demiurg"]
[Result "1-0"]
[WhiteCountry "NED"]
[BlackCountry "HUN"]
[WhiteElo "2431"]
[WhiteRD "95"]
[BlackElo "2362"]
[BlackRD "69"]
[GameID "167218"]

1. e4 c5 2. b4 cxb4 3. Nf3 Nc6 4. d4 d5 5. exd5 Qxd5 6. c4 bxc3 7. Nxc3 Qa5 8. d5 e6 9. Qd2 Bb4 10. Bb2 Nf6
11. dxc6 Ne4 12. Nxe4 Bxd2+ 13. Nfxd2 O-O 14. Be2 f5 15. Nd6 Qd5 16. N6c4 Qxc6 17. O-O Bd7 18. Rfd1 Rfd8 19. Nb3 Be8 20. Nd4 Qa4
21. Ne5 Qb4 22. Rab1 Rac8 23. a3 Qa5 24. Nc4 Qa4 25. Rdc1 Bf7 26. Ne5 Rxc1+ 27. Rxc1 Qa5 28. Nc4 Qc5 29. h3 h6 30. Nb3 Qb5
31. Nd4 Qc5 32. Nb3= Qe7 33. Ne5 Be8 34. Nd4 Rd5 35. f4 a6 36. Bc4
1-0

[Event "The Sicilian Wing Gambit"]
[Site "SchemingMind.com"]
[Date "2008.08.16"]
[Round "-"]
[White "demiurg"]
[Black "joopsim"]
[Result "0-1"]
[WhiteCountry "HUN"]
[BlackCountry "NED"]
[WhiteElo "2362"]
[WhiteRD "69"]
[BlackElo "2431"]
[BlackRD "95"]
[GameID "167219"]

1. e4 c5 2. b4 cxb4 3. d4 d5 4. e5 Nc6 5. Nf3 Bg4 6. Nbd2 e6 7. h3 Bh5 8. Be2 Nge7 9. O-O Bg6 10. Nb3 Nf5
11. a3 h6 12. Bb5 Qb6 13. Qe2 a6 14. Ba4 Qc7 15. axb4 Bxb4 16. Bb2 Rc8 17. Bxc6+ Qxc6 18. c3 Be7 19. Ba3 Qc4 20. Qa2 O-O
21. Rfc1 Qb5 22. Bxe7 Nxe7 23. Nc5 Rc7 24. Nd2 Nc6 25. f4 b6 26. Na4 Rfc8 27. Qa3 Nxd4 28. cxd4 Rxc1+ 29. Rxc1 Rxc1+ 30. Qxc1 Qxa4
31. Nf3 Be4 32. Qc8+ Kh7 33. Kh2 Bxf3 34. gxf3 Qxd4
0-1

[Event "The Sicilian Wing Gambit"]
[Site "SchemingMind.com"]
[Date "2008.08.30"]
[Round "-"]
[White "marandreo"]
[Black "joopsim"]
[Result "0-1"]
[WhiteCountry "ITA"]
[BlackCountry "NED"]
[WhiteElo "2104"]
[WhiteRD "114"]
[BlackElo "2388"]
[BlackRD "91"]
[GameID "169134"]

1. e4 c5 2. b4 cxb4 3. a3 d5 4. exd5 Qxd5 5. Bb2 Nc6 6. axb4 Qe4+ 7. Ne2 Qxb4 8. Ba3 Qb6 9. Nbc3 Nf6 10. Ng3 g6
11. Bb5 Bg7 12. O-O a6 13. Ba4 O-O 14. Rb1 Qc7 15. Bc5 b5 16. Bb3 Bb7 17. f4 Rad8 18. f5 Nd4 19. Bxd4 Rxd4 20. fxg6 hxg6
21. Nce2 Qc6 22. Rf3 Ng4 23. Nf1 Rd6 24. d4 Qd7 25. Rd3 Rd8 26. h3 Qc6 27. Rf3 Bxd4+ 28. Nxd4 Qc5
0-1

[Event "The Sicilian Wing Gambit"]
[Site "SchemingMind.com"]
[Date "2008.08.30"]
[Round "-"]
[White "marandreo"]
[Black "demiurg"]
[Result "0-1"]
[WhiteCountry "ITA"]
[BlackCountry "HUN"]
[WhiteElo "2019"]
[WhiteRD "97"]
[BlackElo "2362"]
[BlackRD "69"]
[GameID "169135"]

1. e4 c5 2. b4 cxb4 3. Bb2 Nc6 4. d4 d5 5. exd5 Qxd5 6. c4 Qd8 7. d5 Na5 8. Nd2 Nf6 9. Nb3 Nxb3 10. axb3 e6
11. dxe6 Qxd1+ 12. Rxd1 Bxe6 13. Bxf6 gxf6 14. Ne2 Bc5 15. Nf4 a5 16. Bd3 a4 17. bxa4 Rxa4 18. O-O O-O 19. Bc2 Ra3 20. Nxe6 fxe6
21. Rd7 Rf7 22. Rd8+ Kg7 23. Rd3 Rxd3 24. Bxd3 Rd7 25. Bc2 Rd2 26. Ba4 f5 27. g3 e5 28. h4 Kf6
0-1

[Event "The Sicilian Wing Gambit"]
[Site "SchemingMind.com"]
[Date "2008.08.30"]
[Round "-"]
[White "joopsim"]
[Black "marandreo"]
[Result "1-0"]
[WhiteCountry "NED"]
[BlackCountry "ITA"]
[WhiteElo "2388"]
[WhiteRD "91"]
[BlackElo "2104"]
[BlackRD "114"]
[GameID "169136"]

1. e4 c5 2. b4 cxb4 3. Nf3 d5 4. exd5 Nf6 5. c4 bxc3 6. Nxc3 Nxd5 7. Qb3 Nxc3 8. dxc3 Qc7 9. Bb5+ Nc6 10. O-O Bg4
11. Rd1 Bxf3 12. gxf3 Rc8 13. Rb1 e6 14. Bxc6+ Qxc6 15. Qxb7 Qxb7 16. Rxb7 Bc5 17. Be3 O-O 18. Bxc5 Rxc5 19. Rxa7 Rxc3 20. Kg2 Rc5
21. a4 Rg5+ 22. Kh1 Rf5 23. Ra1 Rxf3 24. Rb7 Rxf2 25. a5 Ra8 26. a6 Rd2 27. a7 Rdd8 28. Rab1 Rf8 29. Kg2 h6 30. Kf3 g6
31. R1b6 e5 32. Ke4 Kg7 33. Rb5 h5 34. h4 Rh8 35. Rd7 g5 36. hxg5 h4 37. Kf5 h3 38. Rbb7 Rhf8 39. Rd6 Rfc8 40. Rf6
1-0

[Event "The Sicilian Wing Gambit"]
[Site "SchemingMind.com"]
[Date "2008.08.30"]
[Round "-"]
[White "demiurg"]
[Black "marandreo"]
[Result "1-0"]
[WhiteCountry "HUN"]
[BlackCountry "ITA"]
[WhiteElo "2332"]
[WhiteRD "68"]
[BlackElo "1978"]
[BlackRD "86"]
[GameID "169137"]

1. e4 c5 2. b4 d6 3. Nf3 cxb4 4. d4 Nf6 5. Bd3 d5 6. Nbd2 dxe4 7. Nxe4 Nc6 8. O-O Bg4 9. Be3 e6 10. h3 Bxf3
11. Qxf3 Be7 12. Rad1 O-O 13. Nxf6+ Bxf6 14. Be4 Qc7 15. d5 exd5 16. Bxd5 Rfe8 17. Qg4 a5 18. Qc4 Bc3 19. Qb5 Re7 20. Bb6 Qc8
21. f4 Qe8 22. Bf3 h6 23. Bg4 a4 24. Bc5 Ra5 25. Qb6 Ra6 26. Qb5 Ra5 27. Qb6 Ra6 28. Qb5= Na7 29. Qc4 Rc7 30. Qd5 Qc6
31. Qd8+ Kh7 32. Bd6 Qb6+ 33. Kh1 Rc6 34. Bf5+ g6 35. Bxg6+
1-0

[Event "The Sicilian Wing Gambit"]
[Site "SchemingMind.com"]
[Date "2008.09.08"]
[Round "-"]
[White "dcon"]
[Black "joopsim"]
[Result "1/2-1/2"]
[WhiteCountry "RSA"]
[BlackCountry "NED"]
[WhiteElo "2288"]
[WhiteRD "58"]
[BlackElo "2388"]
[BlackRD "91"]
[GameID "169613"]

1. e4 c5 2. b4 cxb4 3. d4 d5 4. exd5 Nf6 5. Nf3 Nxd5 6. a3 Nc6 7. axb4 Bf5 8. Bd2 Ndxb4 9. Bxb4 Nxb4 10. Bb5+ Bd7
11. Bxd7+ Qxd7 12. O-O e6 13. Ne5 Qc7 14. Na3 Be7 15. Nb5 Qb6 16. c4 a6 17. Qf3 Bf6 18. Qb3 Bxe5 19. dxe5 O-O 20. Qxb4 axb5=
1/2-1/2

[Event "The Sicilian Wing Gambit"]
[Site "SchemingMind.com"]
[Date "2008.09.08"]
[Round "-"]
[White "dcon"]
[Black "demiurg"]
[Result "1/2-1/2"]
[WhiteCountry "RSA"]
[BlackCountry "HUN"]
[WhiteElo "2361"]
[WhiteRD "61"]
[BlackElo "2332"]
[BlackRD "69"]
[GameID "169614"]

1. e4 c5 2. b4 cxb4 3. d4 d5 4. e5 Bf5 5. Nf3 Nc6 6. Be2 e6 7. O-O f6 8. a3 fxe5 9. Nxe5 Nxe5 10. dxe5 Qc7
11. axb4 Qxe5 12. c3 Nf6 13. Re1 Qc7 14. g4 Be4 15. f3 Bxb1 16. Rxb1 O-O-O 17. Bf1 Bd6 18. Rb2 Be5 19. Rc2 Kb8 20. Be3 h5
21. g5 Nd7 22. c4 Bf4 23. Qd4=
1/2-1/2

[Event "The Sicilian Wing Gambit"]
[Site "SchemingMind.com"]
[Date "2008.09.08"]
[Round "-"]
[White "dcon"]
[Black "marandreo"]
[Result "1-0"]
[WhiteCountry "RSA"]
[BlackCountry "ITA"]
[WhiteElo "2360"]
[WhiteRD "65"]
[BlackElo "1986"]
[BlackRD "90"]
[GameID "169615"]

1. e4 c5 2. b4 cxb4 3. d4 Nf6 4. e5 Nd5 5. Nf3 e6 6. Bc4 Nb6 7. Bb5 Be7 8. a3 Nc6 9. O-O d5 10. exd6 Bxd6
11. axb4 Bxb4 12. c3 Be7 13. Ba3 O-O 14. Re1 Bxa3 15. Nxa3 Nd5 16. c4 Ndb4 17. c5 b6 18. Nc4 bxc5 19. dxc5 Qxd1 20. Rexd1 Rb8
21. Nd6 h6 22. Bxc6 Nxc6 23. Nd4 Nxd4 24. Rxd4 Rd8 25. g3 e5 26. Re4 f6 27. f4 exf4 28. gxf4 a6 29. Re7 Rb4 30. f5 Rf4
31. Kg2 Bxf5 32. Rxa6 h5 33. h3 g5 34. Raa7 Rb8 35. Ra2 Bb1 36. Rd2 Bd3 37. c6 Bf1+ 38. Kh2 Rb3 39. Nf5 Rxh3+ 40. Kg1 Bd3
41. Ne3 Rg3+ 42. Kh2 Rxe3 43. Rxe3 Bf5 44. Rd5 Rh4+ 45. Kg1 Rc4 46. Rxf5 Rxc6 47. Re7
1-0

[Event "The Sicilian Wing Gambit"]
[Site "SchemingMind.com"]
[Date "2008.09.08"]
[Round "-"]
[White "joopsim"]
[Black "dcon"]
[Result "1-0"]
[WhiteCountry "NED"]
[BlackCountry "RSA"]
[WhiteElo "2388"]
[WhiteRD "91"]
[BlackElo "2288"]
[BlackRD "58"]
[GameID "169616"]

1. e4 c5 2. b4 cxb4 3. Nf3 Nf6 4. e5 Nd5 5. a3 bxa3 6. Bxa3 Nc6 7. c4 Ndb4 8. Nc3 e6 9. d4 f6 10. Bd3 fxe5
11. dxe5 Nxd3+ 12. Qxd3 Bxa3 13. Rxa3 O-O 14. Nb5 Qb6 15. O-O Qc5 16. Re1 a5 17. Qe4 h6 18. Ree3 Ne7 19. Nh4 b6 20. Nd6 Ba6=
21. h3 b5 22. Kh2 b4 23. Rad3 Bxc4 24. Nxc4 Nf5 25. Rg3 Qc6 26. Qg4 Rf7 27. Rd6 Nxd6 28. Nxd6
1-0

[Event "The Sicilian Wing Gambit"]
[Site "SchemingMind.com"]
[Date "2008.09.08"]
[Round "-"]
[White "demiurg"]
[Black "dcon"]
[Result "1/2-1/2"]
[WhiteCountry "HUN"]
[BlackCountry "RSA"]
[WhiteElo "2332"]
[WhiteRD "69"]
[BlackElo "2361"]
[BlackRD "61"]
[GameID "169617"]

1. e4 c5 2. b4 cxb4 3. Bb2 Nc6 4. d4 d5 5. exd5 Qxd5 6. c4 Qd8 7. d5 Na5 8. Nf3 e6 9. Bd3 exd5 10. cxd5 Qxd5
11. O-O Be6 12. Nd4 Nf6 13. Bb5+ Bd7 14. Re1+ Be7 15. Rxe7+ Kxe7 16. Qe1+ Kd8 17. Qxb4 Nc6 18. Bxc6 bxc6 19. Nc3 Qe5 20. Rd1 Kc8
21. Qc4 Qc7=
1/2-1/2

[Event "The Sicilian Wing Gambit"]
[Site "SchemingMind.com"]
[Date "2008.09.08"]
[Round "-"]
[White "marandreo"]
[Black "dcon"]
[Result "0-1"]
[WhiteCountry "ITA"]
[BlackCountry "RSA"]
[WhiteElo "1993"]
[WhiteRD "88"]
[BlackElo "2361"]
[BlackRD "61"]
[GameID "169618"]

1. e4 c5 2. b4 cxb4 3. a3 bxa3 4. Bxa3 Nf6 5. e5 Ne4 6. Qf3 d5 7. Qe3 h6 8. f3 Ng5 9. Bc5 Nc6 10. Bb5 Ne6
11. Bxa7 Nc7 12. Bxc6+ bxc6 13. Qb6 Qd7 14. Qb2 g6 15. Ne2 Bg7 16. O-O O-O 17. d3 Ba6 18. Bc5 Ne6 19. Bf2 Qc7 20. Bg3 Rfb8
21. Qc3 c5 22. Na3 g5 23. f4 gxf4 24. Nxf4 Qxe5 25. Qxe5 Bxe5 26. Nxd5 Bxa1 27. Rxa1 Rb7 28. Nc4 Raa7 29. Nce3 Bb5 30. Rxa7 Rxa7
31. Nf5 Ra1+ 32. Kf2 Ra2 33. Nxh6+ Kf8 34. Bh4 Rxc2+ 35. Ke3 f6 36. Nf5 Rxg2 37. Bg3 Rb2 38. Nfxe7 Rb3
0-1

[Event "The Sicilian Wing Gambit"]
[Site "SchemingMind.com"]
[Date "2008.09.15"]
[Round "-"]
[White "fjpv"]
[Black "joopsim"]
[Result "0-1"]
[WhiteCountry "POR"]
[BlackCountry "NED"]
[WhiteElo "2400"]
[WhiteRD "92"]
[BlackElo "2439"]
[BlackRD "90"]
[GameID "171229"]

1. e4 c5 2. b4 cxb4 3. a3 d5 4. exd5 Qxd5 5. Nf3 e5 6. axb4 Bxb4 7. c3 Be7 8. Na3 Nc6 9. Nb5 Qd7 10. d4 exd4
11. Bf4 Kf8 12. Nfxd4 Nf6 13. Bc4 a6 14. O-O g5 15. Bxg5 h6 16. Bxf6 Bxf6 17. Qf3 Kg7 18. Bd3 Ne5 19. Qe3 Nxd3 20. Qxd3 Rd8
21. Rfe1 a5 22. Qg3+ Qg4 23. Qc7 Ra6 24. h3 Qd7 25. Qf4 Kh7 26. Qe4+ Kh8 27. Qe3 Bg7 28. g4 a4 29. Qf4 Kg8 30. Re4 Ra5
31. Qe3 b6 32. Re7 Qd5 33. Nc7 Qc5 34. Re1 Bf8 35. Rxf7 Kxf7 36. Nce6 Qd6 37. Nxd8+ Qxd8 38. Nc6 Qd7 39. Qxb6 Rg5 40. Ne5+ Rxe5
41. Rxe5 Qd6 42. Qa7+ Kg8 43. Re1 a3 44. Kg2 Be6 45. Qe3 a2 46. Rd1 Qc6+ 47. f3 Bg7 48. Rc1 Qa6 49. Ra1 Bf7 50. Qd2 Qc4
51. Rc1 Be5 52. Rd1 Bxc3 53. Qe3 a1=Q 54. Rxa1 Bxa1 55. Kg3 Qd5 56. h4 Be5+ 57. f4 Bd6 58. Qc3 Qe4 59. Qf3 Qe1+ 60. Kh3 Qg1
61. Qa8+ Kg7 62. Qf3 h5 63. Qc3+ Kh7 64. Qc2+ Bg6 65. Qe2 Bb4 66. f5 hxg4+ 67. Qxg4 Qf1+
0-1

[Event "The Sicilian Wing Gambit"]
[Site "SchemingMind.com"]
[Date "2008.09.16"]
[Round "-"]
[White "fjpv"]
[Black "demiurg"]
[Result "1-0"]
[WhiteCountry "POR"]
[BlackCountry "HUN"]
[WhiteElo "2452"]
[WhiteRD "82"]
[BlackElo "2158"]
[BlackRD "59"]
[GameID "171230"]

1. e4 c5 2. b4 cxb4 3. a3 d5 4. exd5 Qxd5 5. Nf3 e5 6. axb4 Bxb4 7. c3 Bd6 8. Na3 Ne7 9. Nb5 O-O 10. Nxd6 Qxd6
11. Ba3 Qc7 12. Bd3 Rd8 13. Ng5 Ng6 14. Qc2 Qc6 15. Be4 Qf6 16. Nf3 Nc6 17. O-O Bg4 18. Rfe1 Rac8 19. Bc5 b6 20. Be3 h6
21. h3 Bxf3 22. Bxf3 Nb4 23. Qe4 Nd3 24. Reb1 Rc7 25. Rb5 Ne7 26. Bg4 Qg6 27. Qxg6 Nxg6 28. Bf5 Ngf4 29. g3 g6 30. Bxd3 Nxd3
31. Bxh6 f6 32. Be3 Kf7 33. Ra4 Ke6 34. Kf1 Rcd7= 35. Rc4 Rh7 36. h4 Rhd7 37. Rc6+ Rd6 38. Rc4 R6d7 39. Ra4 Rc8 40. f3 Rcd8
41. Rb1 Rc8 42. Ke2 Nc5 43. Ra3 Rcd8 44. d4 exd4 45. cxd4
1-0

[Event "The Sicilian Wing Gambit"]
[Site "SchemingMind.com"]
[Date "2008.09.19"]
[Round "-"]
[White "fjpv"]
[Black "dcon"]
[Result "1/2-1/2"]
[WhiteCountry "POR"]
[BlackCountry "RSA"]
[WhiteElo "2452"]
[WhiteRD "82"]
[BlackElo "2438"]
[BlackRD "60"]
[GameID "171231"]

1. e4 c5 2. b4 cxb4 3. a3 e6 4. axb4 Bxb4 5. c3 Be7 6. d4 d6 7. Bd3 Nf6 8. Nf3 Nc6 9. O-O O-O 10. Na3 a6
11. Nc4 Nxe4 12. Bxe4 d5 13. Bd3 dxc4 14. Bxc4 Rb8 15. Bd3 b5 16. Qc2 h6 17. h3 Qc7 18. Qe2 Rd8 19. Rd1 b4 20. Bb2 a5
21. Qe4 g6 22. Rdc1 b3 23. Ra4 Bf6 24. Qe3 Bg7 25. Be4 Bb7 26. Rca1 e5 27. d5 Ne7 28. c4 f5 29. Bd3 e4 30. Bxg7 Nxd5
31. cxd5 Qxg7 32. Bc4 b2 33. Rb1 exf3 34. Qxf3 Kh7 35. Qg3 Rbc8 36. Qa3 Bxd5 37. Bxd5 Rxd5 38. Qxb2 Qxb2 39. Rxb2 Rc1+ 40. Kh2 h5
41. Kg3 Kh6 42. h4 Rc3+ 43. f3 Rcc5 44. Rb8 Rd2 45. Rg8 Rcc2 46. Rxa5 Rxg2+ 47. Kf4 Rc4+=
1/2-1/2

[Event "The Sicilian Wing Gambit"]
[Site "SchemingMind.com"]
[Date "2008.09.16"]
[Round "-"]
[White "fjpv"]
[Black "marandreo"]
[Result "1-0"]
[WhiteCountry "POR"]
[BlackCountry "ITA"]
[WhiteElo "2419"]
[WhiteRD "90"]
[BlackElo "2019"]
[BlackRD "97"]
[GameID "171232"]

1. e4 c5 2. b4 cxb4 3. a3 bxa3 4. Nxa3 d6 5. Nf3 Nf6 6. Bc4 Nxe4 7. O-O d5 8. d3 Nf6 9. Bb3 e6 10. Qe2 Bd7
11. c4 dxc4 12. Nxc4 Nc6 13. Bf4 Be7 14. Nd6+ Bxd6 15. Bxd6 Qb6 16. Rfb1 Nd4 17. Qe5 Nxf3+ 18. gxf3 Qc6 19. Ba3 h5 20. Rc1 Qb6
21. Rab1 h4 22. Bc4 Rh5 23. Qf4 Qd8 24. Qd6 Nh7 25. Rxb7 a6 26. Re1
1-0

[Event "The Sicilian Wing Gambit"]
[Site "SchemingMind.com"]
[Date "2008.09.15"]
[Round "-"]
[White "joopsim"]
[Black "fjpv"]
[Result "1/2-1/2"]
[WhiteCountry "NED"]
[BlackCountry "POR"]
[WhiteElo "2439"]
[WhiteRD "90"]
[BlackElo "2400"]
[BlackRD "92"]
[GameID "171233"]

1. e4 c5 2. b4 cxb4 3. Nf3 e6 4. d4 Nf6 5. Bd3 Nc6 6. O-O Be7 7. a3 d5 8. e5 Ne4 9. Qe2 O-O 10. Bxe4 dxe4
11. Qxe4 Qd5 12. Qxd5 exd5 13. axb4 Bxb4 14. c3 Ba5 15. Bd2 Bb6 16. Na3 f6 17. exf6 Rxf6 18. Nc2 h6 19. Rfb1 Rb8 20. Ne3 Be6
21. Rb5 Rd8 22. Ne1 Ne7 23. Nd3 Nf5 24. Ng4 Rff8 25. Re1 Rde8 26. Nge5 Nd6 27. Rb2 Kh7 28. f3 Bc8 29. h4 Bc7 30. Bf4 Nc4
31. Rbe2 Bxe5 32. dxe5 a5 33. Bg3 a4 34. Nb2 b5 35. Nxc4 dxc4 36. Rb2 Bd7 37. Rd1 Re7 38. Kf2 Ra8 39. Rd5 Be8 40. Ke3 Rb7
41. Be1 Bg6 42. Ra2 Bf5 43. h5 a3 44. Rd1 Re8 45. f4 Bg4 46. Rda1 Rd8 47. Rxa3 Rd3+ 48. Kf2 Rf7 49. g3 Rf5 50. R3a2 Rxh5
51. Kg1 Kg6 52. Rb1 Bf3 53. Rh2 Rxh2 54. Kxh2 Be4 55. g4 Rf3 56. Rxb5 Rxf4 57. e6 Kf6 58. g5+ hxg5 59. Bg3 Rf5 60. Rxf5+ Bxf5
61. e7 Kxe7 62. Be5 Kf7 63. Kg3 g6 64. Kf3 Ke6 65. Bd4 Kd5 66. Ke3 Be4 67. Bf6 g4 68. Bh4 Ke5 69. Bg3+ Kf5=
1/2-1/2

[Event "The Sicilian Wing Gambit"]
[Site "SchemingMind.com"]
[Date "2008.09.15"]
[Round "-"]
[White "demiurg"]
[Black "fjpv"]
[Result "0-1"]
[WhiteCountry "HUN"]
[BlackCountry "POR"]
[WhiteElo "2332"]
[WhiteRD "68"]
[BlackElo "2437"]
[BlackRD "93"]
[GameID "171234"]

1. e4 c5 2. b4 cxb4 3. Bb2 Nf6 4. e5 Nd5 5. Nf3 Nc6 6. c4 Nf4 7. g3 Ng6 8. d4 d5 9. Nbd2 e6 10. Bd3 Be7
11. O-O O-O 12. h4 f5 13. Rc1 Rf7 14. h5 Nf8 15. Nb3 Na5 16. Nfd2 dxc4 17. Nxc4 Nxb3 18. Qxb3 b6 19. Ne3 f4 20. gxf4 Rxf4
21. Ng2 Rf7 22. Be4 Rb8 23. Rfd1 Bb7 24. Bxb7 Rxb7 25. h6 Rd7 26. f4 g5 27. Qg3 Ng6 28. fxg5 Bc5 29. Qe3 Rd5 30. Kh1 Rf5
0-1

[Event "The Sicilian Wing Gambit"]
[Site "SchemingMind.com"]
[Date "2008.09.19"]
[Round "-"]
[White "dcon"]
[Black "fjpv"]
[Result "0-1"]
[WhiteCountry "RSA"]
[BlackCountry "POR"]
[WhiteElo "2438"]
[WhiteRD "60"]
[BlackElo "2452"]
[BlackRD "82"]
[GameID "171235"]

1. e4 c5 2. b4 cxb4 3. a3 e6 4. axb4 Bxb4 5. Nf3 Nc6 6. c3 Be7 7. d4 d6 8. Bd3 Nf6 9. O-O O-O 10. Qc2 e5
11. Ba3 Nh5 12. g3 Bg4 13. Nbd2 Qc7 14. d5 Nb8 15. Rfb1 Nd7 16. Kg2 Nb6 17. h3 Bc8 18. Bb4 Nd7 19. Be2 Nhf6 20. Nf1 Nc5
21. N3d2 b6 22. Ne3 g6 23. Rb2 Kg7 24. Ba3 Rh8 25. Rba2 a5 26. Rb1 Bd7 27. Bb5 Bxb5 28. Rxb5 Nfd7 29. Rab2 Bg5 30. Bxc5 Nxc5
31. Rxb6 Bxe3 32. fxe3 Rhb8 33. Rxb8 Rxb8 34. Ra2 a4 35. Ra1 Qd7 36. Ra2 Qb5 37. c4 Qb4 38. h4 h5 39. Kf2 Qa5 40. Kg2 Rb3
41. Kf3 Qb4 42. Kf2 Rc3 43. Qd1 Rc1 44. Qe2 a3
0-1

[Event "The Sicilian Wing Gambit"]
[Site "SchemingMind.com"]
[Date "2008.09.15"]
[Round "-"]
[White "marandreo"]
[Black "fjpv"]
[Result "0-1"]
[WhiteCountry "ITA"]
[BlackCountry "POR"]
[WhiteElo "2019"]
[WhiteRD "97"]
[BlackElo "2419"]
[BlackRD "90"]
[GameID "171236"]

1. e4 c5 2. b4 cxb4 3. d4 d5 4. e5 Nc6 5. a3 Qb6 6. Be3 Nh6 7. axb4 Qxb4+ 8. c3 Qb2 9. Ra3 Bf5 10. Rb3 Qa2
11. Rxb7 Na5 12. Rb4 Bc2 13. Qc1 Nb3 14. Rxb3 Qxb3 15. Na3 Bf5 16. Nf3 Rb8 17. Nd2 Qb2 18. Qxb2 Rxb2 19. Nb5 Kd7 20. Nxa7 Ng4
21. c4 Nxe3 22. fxe3 e6 23. c5 Bxc5 24. dxc5 Ra8
0-1

[Event "The Sicilian Wing Gambit"]
[Site "SchemingMind.com"]
[Date "2008.10.13"]
[Round "-"]
[White "DeekMan"]
[Black "fjpv"]
[Result "1/2-1/2"]
[WhiteCountry "SCO"]
[BlackCountry "POR"]
[WhiteElo "2273"]
[WhiteRD "92"]
[BlackElo "2400"]
[BlackRD "92"]
[GameID "174250"]

1. e4 c5 2. b4 cxb4 3. d4 d5 4. e5 Nc6 5. Nf3 Bg4 6. Be3 e6 7. Bd3 f6 8. h3 Bxf3 9. Qxf3 fxe5 10. dxe5 Qc7
11. Qh5+ Qf7 12. Qxf7+ Kxf7 13. f4 b6 14. Nd2 Bc5 15. Bf2 Nge7 16. Nf3 h6 17. h4 Rhf8 18. h5 Kg8 19. g3 Nf5 20. Ke2 Rac8
21. Ba6 Rb8 22. Bd3 Ncd4+ 23. Nxd4 Nxd4+ 24. Bxd4 Bxd4 25. Rab1 Bc3 26. Rhf1 Kf7 27. g4 Rbc8 28. g5 hxg5 29. fxg5+ Ke7 30. Rxf8 Rxf8
31. Rf1 Rxf1 32. Kxf1 Bd2 33. Ke2 Bxg5 34. Kf3 a5 35. Bb5 Bc1 36. Kg4 Bb2 37. Kf4 Kd8 38. Ba6 Bc1+ 39. Kf3 Ke7 40. Bb5 Bh6
41. Bc6 Bd2 42. Bb5 Bc3=
1/2-1/2

[Event "The Sicilian Wing Gambit"]
[Site "SchemingMind.com"]
[Date "2008.10.13"]
[Round "-"]
[White "DeekMan"]
[Black "joopsim"]
[Result "0-1"]
[WhiteCountry "SCO"]
[BlackCountry "NED"]
[WhiteElo "2227"]
[WhiteRD "88"]
[BlackElo "2403"]
[BlackRD "90"]
[GameID "174251"]

1. e4 c5 2. b4 cxb4 3. d4 d5 4. e5 Nc6 5. Nf3 Bg4 6. Be3 e6 7. Nbd2 Nge7 8. h3 Bh5 9. Bd3 Nf5 10. Bxf5 exf5
11. Nf1 Qa5 12. N1d2 Be7 13. O-O O-O 14. Qb1 Rfc8 15. Qb2 h6 16. Rfb1 Nd8 17. Ne1 Ne6 18. Nd3 Qa4 19. Nb3 b6 20. Rc1 a5
21. f3 Rc7 22. c3 Qb5 23. Qe2 a4 24. Nd2 Rxc3 25. Rxc3 bxc3 26. Rb1 Qc6 27. Nf1 Rc8 28. Nb4 Bxb4 29. Rxb4 c2 30. Bc1 Qc3
31. Rxa4 b5 32. Ra3 Qxd4+ 33. Qe3 b4 34. Rd3 Qc4 35. Qd2 Nf4 36. Re3 d4 37. Rb3 Ne2+ 38. Kf2 Nxc1 39. Qxc1 d3 40. Kg1 Bxf3
41. gxf3 Rc6 42. Kf2 Qd4+ 43. Ke1 Rg6
0-1

[Event "The Sicilian Wing Gambit"]
[Site "SchemingMind.com"]
[Date "2008.10.13"]
[Round "-"]
[White "DeekMan"]
[Black "demiurg"]
[Result "1/2-1/2"]
[WhiteCountry "SCO"]
[BlackCountry "HUN"]
[WhiteElo "2236"]
[WhiteRD "84"]
[BlackElo "2332"]
[BlackRD "68"]
[GameID "174252"]

1. e4 c5 2. b4 cxb4 3. Nf3 Nc6 4. d4 d5 5. exd5 Qxd5 6. c4 bxc3 7. Nxc3 Qa5 8. Bd2 e6 9. Bb5 Bb4 10. Qb3 Ne7
11. O-O O-O 12. a3 Bxc3 13. Bxc3 Qc7 14. Rfc1 Rd8 15. Rab1 a6 16. Bd3 h6=
1/2-1/2

[Event "The Sicilian Wing Gambit"]
[Site "SchemingMind.com"]
[Date "2008.10.13"]
[Round "-"]
[White "DeekMan"]
[Black "dcon"]
[Result "0-1"]
[WhiteCountry "SCO"]
[BlackCountry "RSA"]
[WhiteElo "2245"]
[WhiteRD "93"]
[BlackElo "2438"]
[BlackRD "60"]
[GameID "174253"]

1. e4 c5 2. b4 cxb4 3. d4 d5 4. e5 Nc6 5. Nf3 Bg4 6. Be3 Nh6 7. h3 Bh5 8. Bd3 e6 9. O-O Nf5 10. Bxf5 exf5
11. Nbd2 Be7 12. Qb1 g5 13. g3 f4 14. gxf4 Qd7 15. Kg2 h6 16. Rg1 Bg6 17. Kh2 Qf5 18. Rg4 Bh5 19. Qg1 Bxg4 20. Qxg4 Qxg4
21. hxg4 gxf4 22. Bxf4 Nd8 23. Nf1 Ne6 24. Bd2 h5 25. gxh5 Rxh5+ 26. Kg2 Rc8 27. Ng3 Rh8 28. Rc1 Kd7 29. Nf5 a5 30. Be3 Rc3
31. Ne1 Bg5 32. Nd3 Bxe3 33. fxe3 Rhc8 34. Ne1 Rg8+ 35. Kf2 Ng5 36. Nd6 Ne4+ 37. Nxe4 dxe4 38. Rb1 Rh8 39. Rb2 Ke6 40. Ng2 Rhc8
41. Ne1 Kd5
0-1

[Event "The Sicilian Wing Gambit"]
[Site "SchemingMind.com"]
[Date "2008.10.13"]
[Round "-"]
[White "DeekMan"]
[Black "marandreo"]
[Result "1-0"]
[WhiteCountry "SCO"]
[BlackCountry "ITA"]
[WhiteElo "2236"]
[WhiteRD "84"]
[BlackElo "1978"]
[BlackRD "86"]
[GameID "174254"]

1. e4 c5 2. b4 cxb4 3. a3 d5 4. exd5 Qxd5 5. Nf3 e5 6. axb4 Bxb4 7. c3 Be7 8. Na3 Nc6 9. Nb5 Qd8 10. d4 Bg4
11. d5 a6 12. dxc6 Qxd1+ 13. Kxd1 O-O-O+ 14. Kc2 Bxf3 15. Na7+ Kb8 16. gxf3 Kxa7 17. c7 Rc8 18. Be3+ Ka8 19. Bxa6 Rxc7 20. Bd3+ Kb8
21. Ba7+
1-0

[Event "The Sicilian Wing Gambit"]
[Site "SchemingMind.com"]
[Date "2008.10.13"]
[Round "-"]
[White "fjpv"]
[Black "DeekMan"]
[Result "1-0"]
[WhiteCountry "POR"]
[BlackCountry "SCO"]
[WhiteElo "2463"]
[WhiteRD "81"]
[BlackElo "2239"]
[BlackRD "99"]
[GameID "174255"]

1. e4 c5 2. b4 cxb4 3. a3 d5 4. exd5 Qxd5 5. Nf3 e5 6. axb4 Bxb4 7. c3 Bd6 8. Na3 Nc6 9. Bc4 Qe4+ 10. Be2 Nge7
11. Nb5 Bb8 12. O-O O-O 13. d3 Qf5 14. g3 Rd8 15. Ng5 a6 16. Bh5 h6 17. Ne4 Qh7 18. Qe2 f5 19. Nd2 Nd5 20. Bb2 Nb6
21. Qe3 Nd7 22. Qe2 Nf6 23. Bf3 f4 24. Ne4 Nxe4 25. Bxe4 Bf5 26. c4 Qg6 27. Rfc1 Bxe4 28. dxe4 fxg3 29. hxg3 Kh7 30. c5 Qf7
31. Kg2 Kh8 32. Rh1 Bc7 33. Nxc7 Qxc7 34. Bc1 Nd4 35. Qh5 Rd7 36. Rb1 Rf7 37. Bxh6 gxh6 38. Qxh6+ Rh7 39. Qg5 Rf8 40. Rxh7+ Qxh7
41. Rh1 Rxf2+ 42. Kxf2 Qxh1 43. Qxe5+ Kh7 44. Qxd4 a5 45. Qd7+ Kg6 46. Qe6+ Kg7 47. Qe7+ Kg6 48. Ke2 Qg2+ 49. Kd3 Qf1+ 50. Kd4 Qf2+
51. Kd5 a4 52. Qe8+ Kg5 53. Qxa4 Qf7+ 54. Kd4 Qf2+ 55. Kc4 Qf7+ 56. Kb4 Qe7 57. Qc2 Kg4 58. Qd1+ Kh3 59. Qd5 b6 60. e5 bxc5+
61. Kc4
1-0

[Event "The Sicilian Wing Gambit"]
[Site "SchemingMind.com"]
[Date "2008.10.13"]
[Round "-"]
[White "joopsim"]
[Black "DeekMan"]
[Result "1-0"]
[WhiteCountry "NED"]
[BlackCountry "SCO"]
[WhiteElo "2442"]
[WhiteRD "98"]
[BlackElo "2236"]
[BlackRD "84"]
[GameID "174256"]

1. e4 c5 2. b4 cxb4 3. d4 d5 4. Nd2 Nc6 5. Ngf3 Nf6 6. Bd3 dxe4 7. Nxe4 Bg4 8. Bb2 e6 9. O-O Be7 10. h3 Bxf3
11. Qxf3 O-O 12. a3 Nd5 13. axb4 Ndxb4 14. Rfd1 Qc7 15. Bf1 f5 16. Ng3 Nxc2 17. Rac1 N2b4 18. Bc4 Qd7 19. Re1 Nd8 20. d5 exd5
21. Rcd1 Ndc6 22. Nh5 Rf7 23. Bxd5 Nxd5 24. Rxd5 Qc7 25. Nxg7 Rxg7 26. Rxf5 Bf8 27. Qb3+ Kh8 28. Re4 Rd8 29. Ref4 Bd6 30. Rf7
1-0